000 00848nam a2200265Ia 4500
003 OSt
005 20250104100122.0
008 210716s2010 xx 000 0 und d
020 _a9788120340206
040 _cAIMIT LIBRARY
041 _aeng
082 _a005.7401
_bASNS
_21
100 _aAsnanai, Satish.
_9191981
245 _aOracle database 11g:
_bhands on sql and pl sql /
_cBy Satish Asnani
250 _a1st ed.
260 _aNew Delhi :
_bPHI Learning Pvt Ltd ,
_c2010.
300 _axix,431 p.;
_bPB
_c24.6 cm.
650 _aIntroduction to dbms and rdbms
_9191982
650 _aInstallation of DBMS and RDBMS
_9191983
650 _aOracle data types
_9192061
650 _aOracle operations
_9192062
650 _aOracle built in functions
_9192063
650 _aOracle data types
_9191984
942 _2ddc
_cBK
_k005.7401 ASNS
_e1st
999 _c193043
_d193043